Học Bác Lòng Ta Trong Sáng Hơn - Giản Dị

Spremljeno u:
Bibliografski detalji
Glavni autor: Sông lam-Dũng quyết
Format: Knjiga
Jezik:Vietnamese
Izdano: ew 2014
Oznake: Dodaj oznaku
Bez oznaka, Budi prvi tko označuje ovaj zapis!
Thư viện lưu trữ: Mạng thư viện Đại học Đà Nẵng
LEADER 00639nam a2200277 4500
001 000025616
003 118
005 20150204120000.0
008 150204s vm 000 vie
020 |c 50000,0000 
040 |a D1 
100 |a Sông lam-Dũng quyết 
245 |a Học Bác Lòng Ta Trong Sáng Hơn - Giản Dị 
260 |b ew  |c 2014 
300 |a 199tr. ; 
OWN |a LTT 
999 |a From the UDN01 
TYP |a Monograph 
TYP |a Printed language 
980 |a Mạng thư viện Đại học Đà Nẵng